00717nam a2200241 a 4500001001300000003000900013005001700022008004100039020002300080082001700103100001800120245004900138260003400187300000800221500003500229505001200264650001600276700001800292902000800310942000700318952013300325999001700458nice12345678IN_TiNIC20260116013903.0050524s0000 dela grp 000 0 eng  a8170414 c12500a922.97bHUS1 aHussain, Riaz aIqbalb an International Missionary of Islam aDelhibAnmol Publishersc0000 a92p aincludes index and biblioraphy2 aIndices aKarma-Marga1 aHussain, Riaz bSRS cBK 001040708StackRoom-aHMIbHMId2007-06-06g125.00l3m2o922.97 HUS1p015362r2022-04-27s2020-01-17v125.00w2005-05-24yBK c12973d12973